| 000 | 02680cam a2200373 i 4500 | ||
|---|---|---|---|
| 003 | SA-RiAUC | ||
| 005 | 20250701093955.0 | ||
| 008 | 250629s1987 ua g 00110 ara c | ||
| 024 | 0 | _a00000000269175 | |
| 040 |
_aSA-RiAUC _bara _cSA-RiAUC _dKAC _erda |
||
| 043 | _aa-su--- | ||
| 082 | 0 | 4 |
_a239.5 _qSA-RiAUC |
| 090 |
_a239.5 _bا ب و ح |
||
| 100 | 1 |
_aأبو الحسن البكري، محمد بن محمد بن عبد الرحمن، _d899-952 هجري _eمؤلف. |
|
| 245 | 1 | 2 |
_aالدرة المكللة في فتح مكة المشرفة المبجلة / _cتأليف محمد بن محمد بن عبد الرحمن البكري الشافعي الأشعري المصري ؛ تقديم ومراجعة محمد حجازي. |
| 250 | _aالطبعة الأولى. | ||
| 264 | 1 |
_aالقاهرة : _bمكتبة الثقافة الدينية، _c1987 |
|
| 264 | 3 |
_aالقاهرة : _bمطبعة المدني، الؤسسة السعودية بمصر |
|
| 300 |
_a182 صفحة ؛ _c24 × 17 سم |
||
| 336 |
_aنص _btxt _2rdacontent _3كتاب |
||
| 337 |
_aبدون وسيط _bn _2rdamedia |
||
| 338 |
_aمجلد _bnc _2rdacarrier |
||
| 500 | _aيشتمل على كشافات. | ||
| 504 | _aببليوجرافية : صفحة 178-180. | ||
| 505 | 0 | _aالمحتويات : مقدمة المؤلف-ذكر فتح مكة المشرفة شرف الله تعالى قدرها-ذكر فتوح مكة وقتلهم الخزاعيين ليلا وأخذهم أموالهم وما كان معهم ومعاونة أهل مكة في ذلك-ذكر جمع الجيوش والعساكر والقبائل والعربان-ذكر خروج النبي صلى الله عليه وسلم للقبائل والعربان وسلامه عليهم وكم قبيلة في هذه الغزوة المباركة-ذكر حاطب بن أبي بلتعة القيسي وما أسره في نفسه من إفشاء أمر النبي صلى الله عليه وسلم بكتابه الذي أرسله إلى مكة مع جرادة وكيف فضحه الوحي في حضرة النبي صلى الله عليه وسلم وهذا من بعض معجزاته صلى الله عليه وسلم ...-الفهارس. | |
| 650 | 7 |
_aفتح مكة _2aucsh |
|
| 650 | 7 |
_aالسيرة النبوية _2aucsh |
|
| 650 | 7 |
_aالفتوحات الإسلامية _2aucsh |
|
| 651 | 7 |
_aالبلاد الإسلامية _xتاريخ _yعصر صدر الإسلام، 610-661 _2aucsh |
|
| 651 | 7 |
_aمكة المكرمة _xتاريخ _yعصر صدر الإسلام، 13 قبل الهجرة-41 هجري. _2aucsh |
|
| 700 | 1 |
_aحجازي، محمد _eمقدم. |
|
| 942 |
_2ddc _cBOOK _n0 |
||
| 949 |
_aSA-JeALM _d250629 _umohamedma123 _n1 |
||
| 999 |
_c9366 _d9366 |
||